BIBLIOTECA

SENCICO

Lectura de planos (Registro nro. 2437)

Detalles MARC
000 -LEADER
fixed length control field 00709nam a2200205Ia 4500
005 - DATE AND TIME OF LATEST TRANSACTION
control field 20251020182542.0
008 - FIXED-LENGTH DATA ELEMENTS--GENERAL INFORMATION
fixed length control field 200515s9999 xx 000 0 und d
082 ## - DEWEY DECIMAL CLASSIFICATION NUMBER
Classification number 741:744/H66
100 ## - MAIN ENTRY--PERSONAL NAME
Personal name HOFFMAN, K. O.
245 #0 - TITLE STATEMENT
Title Lectura de planos
260 ## - PUBLICATION, DISTRIBUTION, ETC.
Place of publication, distribution, etc. México, D.F.
260 ## - PUBLICATION, DISTRIBUTION, ETC.
Date of publication, distribution, etc. 1986
300 ## - PHYSICAL DESCRIPTION
Extent 104
500 ## - GENERAL NOTE
General note 1 ejemplar
520 ## - SUMMARY, ETC.
Summary, etc. Señala los fundamentos del dibujo técnico e incluye esquemas y dibujos ilustrativos, para mayor comprensión del alumno. Comprende los criterios del dibujo técnico, esto es: datos que debe llevar un plano, el alfabeto de las líneas, interpretación de vista
650 ## - SUBJECT ADDED ENTRY--TOPICAL TERM
Topical term or geographic name entry element DIBUJO TECNICO
650 ## - SUBJECT ADDED ENTRY--TOPICAL TERM
Topical term or geographic name entry element LECTURA DE PLANOS
650 ## - SUBJECT ADDED ENTRY--TOPICAL TERM
Topical term or geographic name entry element LIB
942 ## - ADDED ENTRY ELEMENTS (KOHA)
Koha item type Libros
Existencias
Fecha de la última vez que lo usaron Pago total Signatura topográfica completa Código de barras Precio efectivo desde Tipo de documento Estado perdido Estado dañado No es para préstamo Retirado Ubicación permanente Ubicación actual Fecha de adquisición
15/05/2020   741:744/H66 Bib-Lima15052437 15/05/2020 Libros         Biblioteca Central Lima Biblioteca Central Lima 15/05/2020